Ugly love : (Record no. 4996)

MARC details
000 -LEADER
fixed length control field 00492nam a22001697a 4500
003 - CONTROL NUMBER IDENTIFIER
control field OSt
005 - DATE AND TIME OF LATEST TRANSACTION
control field 20251022021508.0
008 - FIXED-LENGTH DATA ELEMENTS--GENERAL INFORMATION
fixed length control field 251022b |||||||| |||| 00| 0 eng d
020 ## - INTERNATIONAL STANDARD BOOK NUMBER
International Standard Book Number 978-1-4767-5318-8
040 ## - CATALOGING SOURCE
Original cataloging agency DWCL - Main Lib
Transcribing agency OC
082 ## - DEWEY DECIMAL CLASSIFICATION NUMBER
Classification number Fic. H776u 2014
100 ## - MAIN ENTRY--PERSONAL NAME
Personal name Hoover, Colleen
245 ## - TITLE STATEMENT
Title Ugly love :
Remainder of title A novel /
Statement of responsibility, etc. Colleen Hoover
260 ## - PUBLICATION, DISTRIBUTION, ETC.
Place of publication, distribution, etc. New York :
Name of publisher, distributor, etc. Atria Paperback,
Date of publication, distribution, etc. c2014.
300 ## - PHYSICAL DESCRIPTION
Extent 386 pages :
Other physical details illustrations ;
Dimensions 21 cm.
942 ## - ADDED ENTRY ELEMENTS (KOHA)
Source of classification or shelving scheme Dewey Decimal Classification
Koha item type Fiction
Call number suffix Fic.
Suppress in OPAC No
952 ## - LOCATION AND ITEM INFORMATION (KOHA)
--
952 ## - LOCATION AND ITEM INFORMATION (KOHA)
--
Holdings
Withdrawn status Lost status Source of classification or shelving scheme Damaged status Not for loan Home library Current library Shelving location Date acquired Source of acquisition Cost, normal purchase price Total Checkouts Full call number Barcode Date last seen Copy number Cost, replacement price Price effective from Koha item type Uniform Resource Identifier
    Dewey Decimal Classification     Junior High School Library Junior High School Library Fiction 07/17/2025 School Fund 845.00   Fic. H776u 2014 JHS - 21504 10/22/2025 c1 845.00 10/22/2025 FIC.
    Dewey Decimal Classification     Senior High School Library Senior High School Library Fiction 06/15/2023 School Fund     Fic. H776u 2014 SHS - 1487 10/22/2025 c1   10/22/2025 FIC.